Statistics for Top NBA Teams All-Time

Click here to take the quiz!

General Stats

  • This quiz has been taken 45 times
  • The average score is 12 of 30

Answer Stats

RankTeamW/L%% Correct
2Boston Celtics59.2
98%
3Los Angeles Lakers59.2
98%
1San Antonio Spurs60.3
88%
12Chicago Bulls51.0
55%
6Oklahoma City Thunder53.3
53%
4Utah Jazz54.3
53%
5Phoenix Suns53.6
48%
18Golden State Warriors48.5
45%
11Houston Rockets51.5
45%
9Miami Heat52.6
45%
29Los Angeles Clippers41.9
43%
30Minnesota Timberwolves40.2
43%
10Philadelphia 76ers52.1
40%
7Portland Trail Blazers53.1
38%
8Milwaukee Bucks52.7
35%
23New Orleans Pelicans46.4
30%
17New York Knicks48.5
30%
21Orlando Magic46.6
30%
24Sacramento Kings45.6
30%
16Atlanta Hawks49.4
28%
28Brooklyn Nets42.8
28%
26Charlotte Hornets43.8
28%
14Denver Nuggets50.1
28%
20Detroit Pistons47.5
28%
15Indiana Pacers49.7
28%
27Memphis Grizzlies43.6
28%
13Dallas Mavericks50.5
25%
25Washington Wizards45.1
25%
22Cleveland Cavaliers46.5
23%
19Toronto Raptors48.1
23%

Score Distribution

Percentile by Number Answered

Percent of People with Each Score

Your Score History

You have not taken this quiz